1056 1785 1087 1812 1316 1431 1643 1245 1548 1014 1745 1130 1468 1341 1801 1384 1394 1404 1834 1615 1099 1461 1421 1817 1860 1824 1692 1774 1557 1728 1638 1215 1280 1513 1836 1264 1174 1677 1432 1565 1325 1897 1342 1178 1785 1257 1016 1454 1091 1412 1096 1862 1402 1866 1033 1127 1819 1376 1694 1060 1460 1902 1790 1775 1323 1808 1863 1690 1208 1100 1986 1601 1250 1966 1531 1423 1343 1469 1680 1013 1429 1422 1491 1558 1667 1942 1885 1456 1519 1079 1447 1041 1827 1923 1754 1509 1758 1475 1043 BCNSPRNW ULIB Ver.6.0+V

เปลี่ยนเป็นภาษาไทย

Change to English
 แสดงรายละเอียดบรรณานุกรม
  กลับหน้าหลัก

Brief Record : Get Marc (ISO 2709) : E-mail record : QR code < ปิดหน้าต่าง
LEADER : 00000nam 2200000uu 4500
001    13399124696
003     ULIB
008    160114s2008||||th 000 0 eng d
020    ^a9789773075698
060  4 ^aWA590^bH434
245 00 ^aHealth innovation :^bstories from communities /^c[editor:Niracha Ussavathirakul, Tipicha Posayanonda]
250    ^a2nd ed.
260    ^a[Nonthaburi] :^bNational Health System Reform Office,^cc2008
300    ^a159 p. :^bill
650  0 ^aCommunity development^zThailand
650  0 ^aCommunity Health Services^zThailand
700 0  ^aNiracha Ussavathirakul,^eed
700 0  ^aTipicha Posayanonda,^eed
710 2  ^aNational Health System Reform Office
945    ^p0^l0^i000242
945    ^p0^l0^i000243
999    ^aเกษร โพธิ์สุวรรณ
รายการนี้ยังไม่มีแท็ก
คุณยังไม่ได้ล็อกอิน คุณสามารถมีกิจกรรมร่วมกับเว็บไซต์ได้ แต่ต้องล็อกอินก่อน ::
  ล็อกอิน

รายการสื่อสารสนเทศ

ลำดับที่ ประเภท เลขเรียก/บาร์โค้ด สถานที่ สถานะ
1. วิทยาศาสตร์การแพทย์ และสุขภาพ
วิทยาศาสตร์การแพทย์ และสุขภาพ
WA590 H434 ฉ.1 
  Barcode: 000242
ห้องสมุดวิทยาเขตสวรรค์ประชารักษ์
►หนังสือทั่วไป
บนชั้น
2. วิทยาศาสตร์การแพทย์ และสุขภาพ
วิทยาศาสตร์การแพทย์ และสุขภาพ
WA590 H434 ฉ.2 
  Barcode: 000243
ห้องสมุดวิทยาเขตสวรรค์ประชารักษ์
►หนังสือทั่วไป
บนชั้น

BibComment


ยังไม่เคยถูกคอมเมนท์

คอมเมนท์ทรัพยากรรายการนี้
  คอมเมนท์: Health innovatio..


 Copyright 2026. Bcnsprnw @Library